000 00315nam a2200133Ia 4500
008 240624s9999 xx 000 0 und d
041 _aeng
082 _a305.42 SAL
100 _aSALIH SARA
245 _aJUDITH BUTLER
260 _c2015
_aNew Delhi
_bRoutledge
300 _axiv, 177 p.; 19 cm.
365 _cRS
_b31
999 _c29548
_d29548